000 00459nam a2200121Ia 4500
008 220620s9999||||xx |||||||||||||| ||und||
245 0 _aPower and Possibility
_bAdult Education in a Diverse and Complex World
546 _aEnglish[eng]
650 _aAdult education, continuous learning
700 _aFinnegan, Fergal||Grummell, Bernie
856 _uhttps://library.oapen.org/bitstream/20.500.12657/38037/1/9789004413320_webready_content_text.pdf
942 _cEB
999 _c28727
_d28727